000
00244nam a22000857a 4500
008
160711b xxu||||| |||| 00| 0 eng d
100
_9
2614
_a
Richter, E
245
_a
The Making of a Pilot
260
_a
Philadelphia
_b
The west minister press
_c
MCML XVI
999
_c
2269
_d
2269